000
00469nam a2200133Ia 4500
008
100328s9999 xx 000 0 und d
082
_b
69723
100
_a
कुलकर्णी नलिनी.
245
_a
श्री विश्वकर्मा पुराण.
260
_b
उमा.
630
_a
श्री विश्वकर्मा पुराण.
730
_a
श्री विश्वकर्मा पुराण.
942
_c
BOOK
999
_c
555453
_d
555450